00512nam a2200169 i 450000100100000000500170001000800410002702000150006804000250008308200150010810000300012324500490015326000430020230000210024549000380026683000380030400001830520200929165440.0750212s1974 xxc 000 1 fre d a0776006223 aDO-SdBNPcspadBNPHU axxxbC494m1 aChatillon, Pierre,d1939-13aLa mort rousse :broman /cPierre Chatillon. aMontreal :bEditions du Jour :,c1974. a282 p. ;c20 cm.1 aCollection Les Romanciers du jour 0aCollection Les Romanciers du jour